Hail to the Thief - Radiohead - Statistics

General Stats
  • This quiz has been taken 49 times
  • The average score is 10 of 14
Answer Stats
Answer % Correct
2 + 2 = 5
100%
A Wolf at the Door
80%
Sail to the Moon
76%
The Gloaming
72%
There There
72%
We Suck Young Blood
72%
Myxomatosis
68%
Sit Down Stand Up
68%
A Punchup at a Wedding
64%
Backdrifts
64%
I Will
64%
Scatterbrain
60%
Go to Sleep
56%
Where I End and You Begin
56%
No matching quizzes found
Score Distribution
Percent of People with Each Score
Percentile by Number Answered
Your Score History
You have not taken this quiz